La filosofía contemporánea

সংরক্ষণ করুন:
গ্রন্থ-পঞ্জীর বিবরন
প্রধান লেখক: Paci, Enzo
বিন্যাস: গ্রন্থ
ভাষা:Undetermined
প্রকাশিত: Buenos Aires, Argentina EUDEBA 1963
বিষয়গুলি:
ট্যাগগুলো: ট্যাগ যুক্ত করুন
কোনো ট্যাগ নেই, প্রথমজন হিসাবে ট্যাগ করুন!

MARC

LEADER 00000nam a2200000Ia 4500
008 170316s9999 xx 000 0 und d
090 |a 100 P-2f 
100 |a Paci, Enzo 
245 |a La filosofía contemporánea 
260 |a Buenos Aires, Argentina 
260 |b EUDEBA 
260 |c 1963 
300 |a 293 páginas 
650 |a FILOSOFÍA 
999 |c 17352  |d 17352 
040 |a cru BVZT 
942 |c 15 D  |h 100 P-2f  |2 z